000 00615 a2200205 4500
005 20180119094201.0
008 180119s2017 sp ||||| |||| 00| 0 spa d
020 _a9788414574155
040 _aCO-BoUCM
_bspa
_cSaul Niño
_dSaul Niño
041 0 _aspa
060 _aQT 255
100 1 0 _aGuirao, Luis
_990893
245 1 4 _aLos estiramientos
_bdeporte y salud
_cLuis Guirao
260 _aEspaña
_bSiglantana
_c2017
300 _a157 páginas
_bilustraciones
650 7 _913933
_aEjercicio
650 7 _915104
_aEstiramientos
650 7 _919969
_aMúsculos
942 _cLIBRO
_2NLM
_a15
_e1
_hQT 255
_mG965e
999 _c308938
_d308938